Countries Closest to Hungary - 30 Second Sprint - Statistics

General Stats
  • This quiz has been taken 44 times
  • The average score is 11 of 20
Answer Stats
km country miles % Correct
0 Romania 0
87%
0 Slovakia 0
87%
0 Serbia 0
82%
0 Austria 0
79%
76 Poland 48
74%
0 Slovenia 0
74%
0 Croatia 0
71%
69 Czechia 43
71%
0 Ukraine 0
71%
220 Germany 137
66%
68 Bosnia and Herzegovina 42
58%
187 Italy 116
55%
279 Moldova 173
45%
246 Montenegro 153
45%
258 Bulgaria 160
39%
357 Albania 222
37%
428 Switzerland 266
37%
357 Belarus 222
24%
318 Kosovo 198
24%
421 San Marino 262
18%
No matching quizzes found
Score Distribution
Percent of People with Each Score
Percentile by Number Answered
Your Score History
You have not taken this quiz